F1 Race Results 2022: Abu Dhabi - Statistics

General Stats
  • This quiz has been taken 27 times
  • The average score is 14 of 20
Answer Stats
Pos. Answer % Correct
1 Max Verstappen
100%
2 Charles Leclerc
95%
3 Sergio Perez
95%
4 Carlos Sainz
81%
5 George Russell
71%
7 Esteban Ocon
67%
8 Lance Stroll
67%
6 Lando Norris
67%
DNF Lewis Hamilton
67%
13 Alexander Albon
62%
DNF Fernando Alonso
62%
17 Kevin Magnussen
62%
16 Mick Schumacher
62%
DNF Nicholas Latifi
62%
10 Sebastian Vettel
62%
15 Valtteri Bottas
62%
11 Yuki Tsunoda
62%
12 Zhou Guanyu
62%
9 Daniel Ricciardo
57%
14 Pierre Gasly
57%
No matching quizzes found
Score Distribution
Percent of People with Each Score
Percentile by Number Answered
Your Score History
You have not taken this quiz